000 00589nam a22001937a 4500
999 _c181489
_d181489
005 20220113141202.0
010 _aENG-129928
020 _a978-93-86049-58-2
_c795.00
035 _aEN-113460
037 _bDBAD/PUB
082 _a954.0099
100 _aAggarwal Pankaj
245 _aPrime minister of India:
_c Pankaj Aggrwal
260 _bShivani book Agency
_aIndia
_c2019
270 _bDelhi
_e110093
_aA-55B,Gali no.6 Jagatpuri Extn.
_mshivanibookagency@gmail.com
300 _avi,218p.
_c21cm(hbk)
500 _aincludes index
942 _2ddc
_cEN
_h954.0099
_mAGG